| 000 | 01442nam a22003617a 4500 | ||
|---|---|---|---|
| 003 | EG-ScBUE | ||
| 005 | 20211028114622.0 | ||
| 008 | 110614s2004 ua f b 00 0 ara ara d | ||
| 017 | _a2004 / 21316 | ||
| 020 | _a9770267562 | ||
| 040 |
_aEG-ScBUE _bara _erda _cEG-ScBUE _dEG-ScBUE |
||
| 082 | 0 | 4 |
_a154.634 _bف ر و _222 |
| 100 | 1 |
_aفرويد، سيجموند، _d1856-1939، _eمؤلف. |
|
| 245 | 1 | 0 |
_aتفسير الأحلام / _cسيجموند فرويد ؛ ترجمة مصطفى صفوان ؛ راجعه مصطفى زيور. |
| 250 | _aالطبعة الخامسة. | ||
| 264 | 1 |
_aالقاهرة : _bدار المعارف، _c[2004] |
|
| 300 |
_a671 صفحة ؛ _c24 سم. |
||
| 336 |
_2rdacontent _aنص _btxt |
||
| 337 |
_2rdamedia _aبدون وسيط _bn |
||
| 338 |
_2rdacarrier _aمجلد _bnc |
||
| 490 | 0 | _aالمؤلفات الأساسية في التحليل النفسي | |
| 504 | _aيشتمل على إرجاعات ببليوجرافية. | ||
| 541 | _cDonation. | ||
| 546 | _aالنص باللغة العربية وتم ترجمته من اللغة الإنجليزية. | ||
| 650 | 7 |
_925245 _aالأحلام، تفسير. _2BUEsh |
|
| 650 | 7 |
_925246 _aالتحليل النفسي. _2BUEsh |
|
| 651 | _2BUEsh | ||
| 653 |
_bGGEN _cOctober2021 |
||
| 655 |
_vReading book _934232 |
||
| 700 | 1 |
_925247 _aصفوان، مصطفى، _eمترجم. |
|
| 700 | 1 |
_aزيور، مصطفى، _eمراجع. |
|
| 942 |
_2ddc _cBB |
||
| 999 |
_c15596 _d15596 |
||